| 000 | 00699nam a2200241 i 4500 | ||
|---|---|---|---|
| 001 | bg | ||
| 100 | 1 | _aPenc-Pietrzak, Ilona. | |
| 245 | 1 | 0 |
_aStrategiczne zarządzanie marketingiem / _cIlona Penc-Pietrzak. |
| 260 |
_aWarszawa : _bWydawnictwo Key Text, _c1999. |
||
| 300 |
_a260, [1] s. : _bil. ; _c24 cm. |
||
| 504 | _aBibliogr. s. 257-[261]. | ||
| 650 | 9 | _aMarketing strategiczny | |
| 655 | _aPodręczniki | ||
| 020 | _a838725150X | ||
| 040 | _cBPK | ||
| 041 | 0 | _apol | |
| 044 | _aPOL | ||
| 080 | _a339.138:005.2](07) | ||
| 920 | _a83-87251-50-X | ||
| 942 | _cKS | ||
| 008 | s pl f |000 0 pol | ||
| 999 |
_c55258 _d55258 |
||
| 856 |
_uhttp://koha.tu.koszalin.pl/cgi-bin/koha/opac-detail.pl?biblionumber=55258 _yKatalog online BPK |
||